Vlády usilují o zvyšování minimálních mezd

Minimálná mzda vo svete. Snaha krajín o zvýšenie minimálnej mzdy.

Gespeichert in:
Bibliographische Detailangaben
Format: Buchkapitel
Sprache:Tschechisch
Schlagworte:
Tags: Tag hinzufügen
Keine Tags, Fügen Sie das erste Tag hinzu!

MARC

LEADER 00000naa a2200000 4500
001 0217109
005 20231113135250.2
041 0 |a cze 
044 |a CZ 
245 1 0 |a Vlády usilují o zvyšování minimálních mezd 
520 |a Minimálná mzda vo svete. Snaha krajín o zvýšenie minimálnej mzdy. 
610 2 0 |a mzdy minimálne 
610 2 0 |a svet